日本経済の構造:衰亡か?繁栄か?

Gespeichert in:
Bibliographische Detailangaben
1. Verfasser: 城野宏
Format: Buch
Sprache:Undetermined
Veröffentlicht: 東京 産業新潮社 1975
Schlagworte:
Tags: Tag hinzufügen
Keine Tags, Fügen Sie den ersten Tag hinzu!
Thư viện lưu trữ: Trung tâm Học liệu Trường Đại học Cần Thơ
LEADER 00471nam a2200181Ia 4500
001 CTU_80691
008 210402s9999 xx 000 0 und d
082 |a 330.9 
082 |b J76 
100 |a 城野宏 
245 0 |a 日本経済の構造:衰亡か?繁栄か? 
245 0 |c 城野宏 
260 |a 東京 
260 |b 産業新潮社 
260 |c 1975 
650 |a Economic 
904 |i Ngoc,Hải 
980 |a Trung tâm Học liệu Trường Đại học Cần Thơ